000 00536nam a2200217Ia 4500
003 OSt
005 20220928141236.0
006 a|||||r|||| 00| 0
007 ta
008 220927b |||||||| |||| 00| 0 eng d
024 _a14150
037 _cTextual
040 _aSDCL
_cSDCL
_beng
041 _2eng
_aeng
082 _aO-,M:g(N), L9
100 _aFlecher Ian Ed.
_9499437
245 0 _aDecadence and the 1890.
260 _c1979
942 _hO-,M:g(N), L9
_cTEXL
_2CC
999 _c816559
_d816559